000 00676nam a2200205Ii 4500
003 JO-AjNU
008 230605s9999||||xx |||||||||||||| ||und||
040 _aJO-AjNU
_bara
_erda
_cJO-AjNU
041 _aara
050 1 4 _aQ158.C65
100 3 _aكونانت، جيمس ب ؛ ترجمة احمد زكي ,
_eauthor
_938517
245 0 0 _aمواقف حاسمة في تاريخ العلم
250 _aد.ط
264 3 1 _aالقاهرة:دارالمعارف .د.ت
300 _a502ص
_bفهرس من صفحة 493-502
336 _atext
_btxt
_2rdacontent
337 _aunmediated
_bn
_2rdamedia
338 _avolume
_bnc
_2rdacarrier
650 4 _aعلوم - تاريخ
_938518
999 _aA16189
_c19757
_d19757